000 00326nam a2200145Ia 4500
008 191201s1986 xx 000 0 und d
082 _a620.1
_bDIM
100 _aDIETER, George E
245 0 _aMechanical Metallurgy
250 _a1st
260 _aNew York
_bMGH
_c1986
300 _a751
650 _aApplied
942 _2ddc
_cBK
999 _c589
_d589